| 000 | nam a22 7a 4500 | ||
|---|---|---|---|
| 999 |
_c16484 _d16484 |
||
| 008 | 161110b xxu||||| |||| 00| 0 eng d | ||
| 020 | _a9780538741255 | ||
| 020 | _a0538741252 | ||
| 020 | _a9780538494199 | ||
| 020 | _a0538494190 | ||
| 050 |
_aQH 308.2 _b .S65 2011 |
||
| 100 | _aSolomon, Eldra Pearl | ||
| 245 |
_aBiology/ _cEldra Pearl Solomon; Linda R. Berg; Diana W. Martin |
||
| 250 | _a9th ed. | ||
| 260 |
_aBelmont, CA : _bBrooks/Cole Cangage Learning, _c 2011. |
||
| 300 |
_axxxii, 1263p. : _bill. ; |
||
| 500 | _aIncludes bibliography and index. | ||
| 650 | _a Biology. | ||
| 700 | _aBerg, Linda R. | ||
| 700 | _aMartin, Diana W. | ||
| 942 |
_2lcc _cBOOKS _hQH 308.2 .S65 2011 |
||